|
|
|
|
| LEADER |
00000nab a2200000 a 4500 |
| 001 |
vtls000461468 |
| 003 |
SK-MaSNL |
| 005 |
20260303001411.0 |
| 008 |
220422c1990 xo 0 slo |
| 015 |
|
|
|a SNBRA19rr/mm-uuuuu
|
| 035 |
|
|
|a CL0461601
|
| 040 |
|
|
|a SNKBUCL
|b slo
|c SNKBUCL
|e AACR2
|
| 041 |
0 |
|
|a slo
|
| 044 |
|
|
|a xo
|c SK
|
| 080 |
|
|
|a 616.72-051
|2 1981
|
| 080 |
|
|
|a 378.124
|2 1981
|
| 080 |
|
|
|a 929 Siťaj, Štefan
|2 1981
|
| 100 |
1 |
|
|a Bošmanský, Karol,
|d 1927-2016
|4 aut
|9 119482
|
| 245 |
1 |
0 |
|a Prof. MUDr. Štefan Siťaj, Dr.Sc. in memoriam
|c Karol Bošmanský ; Štefan Siťaj
|
| 300 |
|
|
|b Fot. 1.
|
| 600 |
1 |
7 |
|a Siťaj, Štefan,
|d 1911-1990
|2 snkbucl
|9 150369
|
| 655 |
|
7 |
|a články zo zborníkov
|2 snkbucl
|9 166140
|
| 773 |
0 |
|
|t Balneologický spravodajca 1990
|d Bratislava : Alfa, 1990
|g S. 164-165
|
| 850 |
|
|
|a Slovenská národná knižnica v Martine
|a MTA001
|
| 852 |
|
|
|a SNK
|b KIS3GCP
|
| 958 |
|
|
|a BX
|
| 958 |
|
|
|a RK
|
| 958 |
|
|
|a ME
|
| 992 |
|
|
|a RZB
|
| 999 |
|
|
|c 1563323
|d 1565253
|